000 00335nam a22001337a 4500
008 181214b xxu||||| |||| 00| 0 eng d
020 _a0132923161
041 _aeng
080 _a330.722
100 _a61
101 _aKON
245 _aEvaluating Practice Guideline For The Accoutable Profesional
_cMartin.B
942 _2udc
_cBK
999 _c53128
_d53128